00217 a2200109 4500001000700000020000600007040001100013100002700024240002600051245002100077362000900098164547 a  cMagnum aFornasier, Lorena Mara10aO jacare sumiu !lpor10aO jacare sumiu !0 a1899